Equipe Type RC Strasbourg saison 2025/2026 - Statistiques

Statistiques générales
  • Ce quiz a été pris 82 fois
    24 depuis la dernière actualisation
  • Le résultat moyen est 9 sur 11
Statistiques - réponses
% Correct
Diego Moreira
100%
Emmanuel Emegha
95%
Mike Penders
95%
Valentín Barco
95%
Guéla Doué
89%
Ismaël Doukouré
84%
Samir El Mourabet
84%
Sebastian Nanasi
68%
Julio Enciso
63%
Mamadou Sarr
63%
Lucas Høgsberg
53%
Aucun quiz correspondant
Distribution des résultats
% des personnes avec chaque résultat
Percentile par nombre de réponses
Votre historique - résultats
Vous n’avez pas pris ce quiz depuis la dernière actualisation